Entry Nombre personal
001 - NÚMERO DE CONTROL
- campo de control: 77242
003 - IDENTIFICADOR DE NÚMERO DE CONTROL
- campo de control: OSt
005 - FECHA Y HORA DE LA ÚLTIMA TRANSACCIÓN
- campo de control: 20230222192426.0
008 - ELEMENTOS DE DATO DE LONGITUD-FIJA
- campo de control de longitud fija: 030320 n acnnnaaan n ann d
040 ## - FUENTE DE CATALOGACIÓN
- Centro catalogador/agencia de origen: OSt
- Centro/agencia transcriptor: OSt
100 00 - ENCABEZAMIENTO-NOMBRE DE PERSONA
- Nombre de persona: Marti-Vilalta, José Luis
400 00 - TRAZADO DE VÉASE--NOMBRE DE PERSONA
- Nombre de persona: Marti-Vilalta, José L.
400 00 - TRAZADO DE VÉASE--NOMBRE DE PERSONA
- Nombre de persona: Marti-Vilalta, J.L.
400 00 - TRAZADO DE VÉASE--NOMBRE DE PERSONA
- Nombre de persona: Marti Vilalta, J.L.
